Countries Most Similar To Netherlands - Statistics

General Stats
  • This quiz has been taken 162 times
  • The average score is 16 of 20
Answer Stats
Rank Country Score % Correct
1 Belgium 87.4
99%
2 Germany 84.3
98%
6 France 77.2
95%
3 Denmark 81
93%
4 Luxembourg 79.7
91%
10 Norway 74.3
91%
8 Austria 76.3
90%
16 Italy 72.4
89%
14 Spain 73
89%
5 UK 79.5
89%
9 Sweden 75
85%
7 Ireland 76.6
80%
12 Switzerland 73.6
80%
15 Poland 72.7
78%
13 Czechia 73.4
64%
20 Estonia 70.7
57%
11 Slovenia 74
57%
18 Hungary 71.3
56%
17 Latvia 72.1
53%
19 Croatia 71.3
50%
No matching quizzes found
Score Distribution
Percent of People with Each Score
Percentile by Number Answered
Your Score History
You have not taken this quiz